000 00554nam a2200205Ia 4500
005 20250923145530.0
008 008 250917s9999 xx 000 0 eng d
037 _aTextual
040 _aDSWL
_beng
_cDSWL
041 _aeng
_2eng
084 _aX
_qDSWL
100 _aKahn-Freund, Otto
_9836291
245 0 _aLabour relations : Heritage and adjustment
_c by Otto Kahn-Freund
260 _aLondon
_bOxford
_c1979
300 _a102 p.
365 _aINR
_b108.19
925 _g108.19
942 _cTEXL
_hX
999 _c1452528
_d1452528